书目信息 |
| 题名: |
语言趣谈
|
|
| 作者: | 徐青 著 | |
| 分册: | ||
| 出版信息: | 杭州 浙江人民出版社 1979 |
|
| 页数: | 107页 | |
| 开本: | 19cm | |
| 丛书名: | ||
| 单 册: | ||
| 中图分类: | H0-49 | |
| 科图分类: | ||
| 主题词: | 语言学--通俗读物 | |
| 电子资源: | ||
| ISBN: | ||
| 000 | 00543nam0 2200217 45 | |
| 001 | 0179000994 | |
| 005 | 20060726091059.57 | |
| 010 | @dCNY0.26 | |
| 091 | @aCN@b7103.1069 | |
| 100 | @a19950717d1979 em y0chiy0121 ea | |
| 101 | 0 | @achi |
| 102 | @aCN@b330000 | |
| 105 | @ay z 000yy | |
| 200 | 10 | @a语言趣谈@Ayu yan qu tan@f徐青著 |
| 210 | @a杭州@c浙江人民出版社@d1979 | |
| 215 | @a107页@d19cm | |
| 606 | @a语言学@x通俗读物 | |
| 690 | @aH0-49@v3 | |
| 701 | 0 | @a徐青@Axu qing@4著 |
| 801 | 0 | @aCN@bTSSF@c20060726 |
| 905 | @a10447@dH0-49@e129 | |
| 语言趣谈/徐青著.-杭州:浙江人民出版社,1979 |
| 107页;19cm |
| ISBN :CNY0.26 |
| ● |
| 相关链接 |
|
|
|
|
正题名:语言趣谈
索取号:H0-49/129
 
预约/预借
| 序号 | 登录号 | 条形码 | 馆藏地/架位号 | 状态 | 备注 |
| 1 | 0435809 | 204358097 | 密集书库/ [索取号:H0-49/129] | 在馆 | |
| 2 | 0435810 | 204358104 | 密集书库/ [索取号:H0-49/129] | 在馆 | |
| 3 | 0435811 | 204358113 | 密集书库/ [索取号:H0-49/129] | 在馆 | |
| 4 | 0436346 | 204363465 | 密集书库/ [索取号:H0-49/129] | 在馆 |